Sports Quiz

Random Sports or NBA Quiz

NBA Top 25 by Category Quiz Stats

 Plays Quiz Updated May 19, 2021

     
Support Sporcle.
Go Orange.
Score 0/200 Timer 15:00
128 Plays Today
Stat Player % Correct
AssistsLeBron James
96.8%
StealsLeBron James
96.8%
PointsMichael Jordan
96.3%
StealsMichael Jordan
96.3%
GamesKobe Bryant
94.2%
PointsKobe Bryant
94.1%
3-Pt FGsKobe Bryant
93.8%
GamesKareem Abdul-Jabbar
91.7%
PointsKareem Abdul-Jabbar
91.7%
ReboundsKareem Abdul-Jabbar
91.7%
BlocksKareem Abdul-Jabbar
91.7%
3-Pt FGsStephen Curry
91.5%
ReboundsShaquille O'Neal
90.2%
BlocksShaquille O'Neal
90.2%
GamesKarl Malone
89.7%
PointsKarl Malone
89.7%
ReboundsKarl Malone
89.7%
StealsKarl Malone
89.7%
GamesJohn Stockton
89.4%
AssistsJohn Stockton
89.4%
StealsJohn Stockton
89.4%
FT%Stephen Curry
89.1%
PointsWilt Chamberlain
89.1%
ReboundsWilt Chamberlain
89.1%
GamesMoses Malone
88.7%
PointsMoses Malone
88.7%
ReboundsMoses Malone
88.7%
PointsShaquille O'Neal
88.2%
AssistsMagic Johnson
87.8%
StealsMagic Johnson
87.7%
GamesRay Allen
87%
3-Pt FGsRay Allen
85.6%
AssistsKevin Johnson
85.5%
BlocksGeorge Johnson
85.4%
3-Pt FGsJoe Johnson
85%
FT%Ray Allen
84.8%
AssistsSteve Nash
83.6%
BlocksJermaine O'Neal
83.4%
PointsTim Duncan
82.7%
GamesTim Duncan
82.5%
BlocksTim Duncan
81.7%
ReboundsTim Duncan
81.3%
StealsKobe Bryant
80.7%
PointsLeBron James
80.4%
3-Pt FGsPaul George
80.3%
AssistsJason Kidd
80%
StealsJason Kidd
80%
3-Pt FGsJason Kidd
80%
ReboundsBill Russell
79.5%
PointsJerry West
78.9%
PointsHakeem Olajuwon
78.7%
ReboundsHakeem Olajuwon
78.7%
BlocksHakeem Olajuwon
78.7%
StealsHakeem Olajuwon
78.7%
GamesKevin Garnett
77.5%
PointsKevin Garnett
77.1%
ReboundsKevin Garnett
77.1%
BlocksKevin Garnett
77.1%
GamesReggie Miller
76.7%
PointsReggie Miller
76.7%
3-Pt FGsReggie Miller
76.7%
StealsScottie Pippen
76.6%
AssistsAndre Miller
75.4%
PointsRay Allen
74.6%
GamesPaul Pierce
74.1%
GamesVince Carter
74%
3-Pt FGsPaul Pierce
73.7%
Stat Player % Correct
FT%Ricky Pierce
73%
FT%Reggie Miller
72.8%
PointsAllen Iverson
72.4%
StealsAllen Iverson
72.4%
FT%Steve Nash
72.1%
PointsPaul Pierce
71.6%
AssistsChris Paul
71.4%
BlocksDavid Robinson
71%
3-Pt FGsDirk Nowitzki
70.5%
PointsDirk Nowitzki
70.4%
GamesClifford Robinson
70.1%
PointsVince Carter
69.9%
StealsPaul Pierce
69%
ReboundsDennis Rodman
68.9%
GamesJason Kidd
68.6%
3-Pt FGsVince Carter
68.2%
FT%Dirk Nowitzki
67.6%
PointsCarmelo Anthony
67.1%
PointsPatrick Ewing
66.6%
ReboundsPatrick Ewing
66.6%
BlocksPatrick Ewing
66.6%
StealsKevin Garnett
66.5%
ReboundsCharles Barkley
65.9%
GamesDirk Nowitzki
65.7%
AssistsIsiah Thomas
65%
StealsIsiah Thomas
65%
PointsOscar Robertson
63.7%
AssistsOscar Robertson
63.7%
GamesRobert Parish
63.4%
ReboundsRobert Parish
63.4%
BlocksRobert Parish
63.4%
ReboundsDikembe Mutombo
63.3%
BlocksDikembe Mutombo
63.3%
StealsAlvin Robertson
62.6%
FT%Chris Paul
62.2%
FT%Kyle Korver
60.5%
FT%Kevin Durant
60.5%
GamesAndre Miller
59.5%
BlocksDwight Howard
59.5%
GamesGary Payton
58.5%
AssistsGary Payton
58.5%
StealsGary Payton
58.5%
FT%Larry Bird
58.5%
3-Pt FGsDamian Lillard
58.1%
StealsChris Paul
57.9%
3-Pt FGsLeBron James
57%
3-Pt FGsJames Harden
56.6%
ReboundsDwight Howard
56.6%
FT%Chauncey Billups
54.1%
StealsClyde Drexler
53.5%
GamesMark Jackson
52.9%
AssistsMark Jackson
52.9%
AssistsBob Cousy
52.5%
3-Pt FGsJ.R. Smith
51.8%
GamesBuck Williams
51.6%
ReboundsBuck Williams
51.6%
PointsDominique Wilkins
51.5%
StealsAndre Iguodala
51.4%
BlocksPau Gasol
51.4%
PointsJohn Havlicek
51.2%
AssistsTony Parker
50.8%
3-Pt FGsKlay Thompson
50.6%
BlocksBen Wallace
50.4%
FT%Kyrie Irving
49.6%
3-Pt FGsKevin Durant
46.7%
AssistsRussell Westbrook
45.9%
AssistsTim Hardaway
44.6%
Stat Player % Correct
GamesElvin Hayes
43%
PointsElvin Hayes
43%
ReboundsElvin Hayes
43%
BlocksElvin Hayes
43%
AssistsRajon Rondo
42.8%
BlocksManute Bol
41.8%
3-Pt FGsChauncey Billups
41.7%
PointsAlex English
41.4%
BlocksAlonzo Mourning
41.3%
3-Pt FGsJ.J. Redick
41.3%
3-Pt FGsKyle Korver
40.8%
ReboundsBob Pettit
40.5%
AssistsDeron Williams
40.4%
FT%J.J. Redick
39.7%
3-Pt FGsJason Terry
38.7%
GamesJason Terry
37.6%
ReboundsWes Unseld
36.4%
FT%Damian Lillard
36.3%
FT%Mark Price
35.5%
FT%Rick Barry
35.2%
3-Pt FGsPeja Stojakovic
34.8%
BlocksMark Eaton
34.5%
GamesDerek Fisher
33.5%
GamesJamal Crawford
29.4%
AssistsMaurice Cheeks
29.3%
StealsMaurice Cheeks
29.3%
FT%Peja Stojakovic
29.2%
StealsShawn Marion
29%
GamesKevin Willis
29%
ReboundsKevin Willis
29%
BlocksShawn Bradley
28.6%
StealsMetta Sandiford-Artest
28.3%
ReboundsCharles Oakley
28%
GamesLeBron James
27.4%
3-Pt FGsRashard Lewis
26%
AssistsMuggsy Bogues
25.6%
StealsRon Harper
25.5%
AssistsDerek Harper
25.5%
StealsDerek Harper
25.5%
AssistsLenny Wilkens
24.8%
AssistsTerry Porter
24.7%
BlocksElton Brand
24.7%
ReboundsNate Thurmond
24.3%
BlocksMarcus Camby
24.3%
ReboundsJerry Lucas
24.1%
3-Pt FGsJamal Crawford
23.7%
3-Pt FGsWesley Matthews
23.3%
BlocksArtis Gilmore
21.6%
3-Pt FGsKyle Lowry
21.4%
FT%Scott Skiles
21.3%
FT%Jeff Hornacek
20.7%
ReboundsWalt Bellamy
20.5%
AssistsRod Strickland
19.7%
FT%Khris Middleton
19.1%
BlocksLarry Nance
18.7%
BlocksTree Rollins
18.4%
BlocksTheo Ratliff
17.5%
StealsFat Lever
17.2%
StealsMookie Blaylock
17.2%
FT%Calvin Murphy
15.7%
ReboundsPaul Silas
15.7%
FT%Danilo Gallinari
15.4%
FT%Bill Sharman
13.7%
AssistsGuy Rodgers
13.3%
FT%Terrell Brandon
11.3%
FT%Earl Boykins
10.4%

From the Vault

Which Country: Middle Eastern Landmarks

by alvir28

Enjoy tourism from the comfort of your own home.
Remove Ads.
Support Sporcle.
Get the best of Sporcle when you Go Orange. This ad-free experience offers more features, more stats, and more fun while also helping to support Sporcle. Thank you for becoming a member.

Show Comments

Extras

Top Quizzes Today


Score Distribution

Your Account Isn't Verified!

In order to create a playlist on Sporcle, you need to verify the email address you used during registration. Go to your Sporcle Settings to finish the process.

Report this User

Report this user for behavior that violates our Community Guidelines.

Details: